Formula one drivers line-up 2019 - Statistics

General Stats
  • This quiz has been taken 220 times
  • The average score is 19 of 22
Answer Stats
Constructor Rounds Driver Nationality % Correct
Ferrari All Charles Leclerc Monaco
93%
Alfa Romeo All Kimi Räikkönen Finland
92%
Mercedes All Lewis Hamilton UK
89%
Ferrari All Sebastian Vettel Germany
89%
Mercedes All Valtteri Bottas Finland
89%
Red Bull All Max Verstappen Netherlands
87%
Haas All Kevin Magnussen Denmark
86%
Red Bull 13-21 Alexander Albon Thailand
85%
Toro Rosso 1-12 Alexander Albon Thailand
85%
Alfa Romeo All Antonio Giovinazzi Italy
85%
McLaren All Carlos Sainz Jr. Spain
85%
Renault All Daniel Ricciardo Australia
85%
Racing Point All Lance Stroll Canada
85%
Renault All Nico Hülkenberg Germany
85%
Red Bull 1-12 Pierre Gasly France
85%
Toro Rosso 13-21 Pierre Gasly France
85%
Racing Point All Sergio Pérez Mexico
85%
Williams All George Russell UK
84%
McLaren All Lando Norris UK
84%
Haas All Romain Grosjean France
84%
Williams All Robert Kubica Poland
83%
Toro Rosso All Daniil Kvyat Russia
82%
No matching quizzes found
Score Distribution
Percent of People with Each Score
Percentile by Number Answered
Your Score History
You have not taken this quiz